Southville International School and Colleges
Your cart is empty.
  • Cart
  • Lists
    Public lists Eva Luna New books Lux_list list_1
    Your lists Log in to create your own lists
  • Log in to your account
  • Your cookies
  • Search history
Southville International School and Colleges
  • Advanced search
  • Recent comments
  • Most popular
  • Libraries

Log in to your account

Log in with GOOGLE


If you do not have an external account, but do have a local account, you can still log in:

  1. Home
  2. MARC view: Chains of command /
Normal view MARC view ISBD view

Chains of command / (Record no. 11104)

[ view plain ]
MARC details
000 -LEADER
fixed length control field 00853cam a22002893a 4500
001 - CONTROL NUMBER
control field 16402823
003 - CONTROL NUMBER IDENTIFIER
control field LC
005 - DATE AND TIME OF LATEST TRANSACTION
control field 20160301094613.0
008 - FIXED-LENGTH DATA ELEMENTS--GENERAL INFORMATION
fixed length control field 940430r19941993nyub 000 1 eng d
010 ## - LIBRARY OF CONGRESS CONTROL NUMBER
LC control number 97817920
020 ## - INTERNATIONAL STANDARD BOOK NUMBER
International Standard Book Number 9780006478836
035 ## - SYSTEM CONTROL NUMBER
System control number (OCoLC)ocm30364571
040 ## - CATALOGING SOURCE
Original cataloging agency JDP
Transcribing agency JDP
Modifying agency CSB
-- OCL
-- OCLCQ
-- DLC
050 00 - LIBRARY OF CONGRESS CALL NUMBER
Classification number PS 3552
Item number .B877 1994
082 ## - DEWEY DECIMAL CLASSIFICATION NUMBER
Classification number FIC
Item number B81c 1993
100 1# - MAIN ENTRY--PERSONAL NAME
Personal name Brown, Dale,
Dates associated with a name 1956-
9 (RLIN) 18957
245 10 - TITLE STATEMENT
Title Chains of command /
Statement of responsibility, etc Dale Brown.
260 ## - PUBLICATION, DISTRIBUTION, ETC. (IMPRINT)
Place of publication, distribution, etc New York :
Name of publisher, distributor, etc Berkley Books,
Date of publication, distribution, etc c1994,
300 ## - PHYSICAL DESCRIPTION
Extent 603 p. :
Other physical details maps ;
Dimensions 18 cm.
562 ## - COPY AND VERSION IDENTIFICATION NOTE
Number of copies 1
610 10 - SUBJECT ADDED ENTRY--CORPORATE NAME
Corporate name or jurisdiction name as entry element United States.
Subordinate unit Air Force
Form subdivision Fiction.
9 (RLIN) 18958
650 #0 - SUBJECT ADDED ENTRY--TOPICAL TERM
Topical term or geographic name as entry element Title
9 (RLIN) 403
710 2# - ADDED ENTRY--CORPORATE NAME
Corporate name or jurisdiction name as entry element Copyright Paperback Collection (Library of Congress)
Institution to which field applies DLC
9 (RLIN) 705
906 ## - LOCAL DATA ELEMENT F, LDF (RLIN)
a 7
b cbc
c copycat
d 2
e ncip
f 19
g y-genrareb
942 ## - ADDED ENTRY ELEMENTS (KOHA)
Source of classification or shelving scheme Library of Congress Classification
Koha item type Books
Holdings
Withdrawn status Lost status Source of classification or shelving scheme Damaged status Home library Current library Shelving location Date acquired Total Checkouts Full call number Barcode Date last seen Copy number Price effective from Koha item type
    Library of Congress Classification   Luxembourg Library Luxembourg Library Fiction Section 09/12/2013   PS 3552 .B877 1994 6940 05/27/2015 1 09/12/2013 Books

Chains of command /

APA

Brown D., Copyright Paperback Collection (Library of Congress), . (1994). Chains of command. New York: Berkley Books.

Chicago

Brown Dale, Copyright Paperback Collection (Library of Congress), . 1994. Chains of command. New York: Berkley Books.

Harvard

Brown D., Copyright Paperback Collection (Library of Congress), . (1994). Chains of command. New York: Berkley Books.

MLA

Brown Dale, Copyright Paperback Collection (Library of Congress), . Chains of command. New York: Berkley Books. 1994.

  • Place hold
  • Print
  • Cite
  • Add to your cart (remove)
  • Save record
    BIBTEX Dublin Core MARCXML MARC (non-Unicode/MARC-8) MARC (Unicode/UTF-8) MARC (Unicode/UTF-8, Standard) MODS (XML) RIS
  • More searches
    Search for this title in:
    Other Libraries (WorldCat) Other Databases (Google Scholar) Online Stores (Bookfinder.com) Open Library (openlibrary.org)

Exporting to Dublin Core...

SOUTHVILLE LIBRARY

Southville International School and Colleges Library

1281 Tropical Ave. Cor. Luxembourg St., BF Homes International, Las Pinas City

Tel. No. 8256374 / 252358 Loc. 117/146

Powered by Koha